Posúdenie stavebného pozemku pri zdanení daňou z nehnuteľnosti
Pre určenie dane zo stavebných pozemkov je podstatné určiť, ktoré stavby budú predmetom dane zo stavieb po ich kolaudácií. Uvedenie prípadu, keď správca dane nepostupoval správne pri posúdení stavebného pozemku, a tým aj pri výpočte samotnej daňovej povinnosti. Právny základ pre posúdenie dane z neh...
Guardado en:
| Autor principal: | |
|---|---|
| Formato: | Capítulo de libro |
| Lenguaje: | eslovaco |
| Materias: | |
| Etiquetas: |
Sin Etiquetas, Sea el primero en etiquetar este registro!
|
MARC
| LEADER | 00000naa a2200000 4500 | ||
|---|---|---|---|
| 001 | 0265116 | ||
| 005 | 20200701103933.9 | ||
| 041 | 0 | |a slo | |
| 044 | |a SK | ||
| 245 | 1 | 0 | |a Posúdenie stavebného pozemku pri zdanení daňou z nehnuteľnosti |c Jaroslava Mitringová |
| 520 | |a Pre určenie dane zo stavebných pozemkov je podstatné určiť, ktoré stavby budú predmetom dane zo stavieb po ich kolaudácií. Uvedenie prípadu, keď správca dane nepostupoval správne pri posúdení stavebného pozemku, a tým aj pri výpočte samotnej daňovej povinnosti. Právny základ pre posúdenie dane z nehnuteľnosti. Princíp zákonnosti a dokazovanie. Obec ako správca dane miestnych daní. | ||
| 610 | 2 | 0 | |a dane z nehnuteľností |
| 610 | 2 | 0 | |a pozemky |
| 610 | 2 | 0 | |a stavby |
| 610 | 2 | 0 | |a zdaňovanie |
| 610 | 2 | 0 | |a dane miestne |
| 610 | 2 | 0 | |a povinnosť daňová |
| 610 | 2 | 0 | |a konanie daňové |
| 610 | 2 | 0 | |a daňovníci |
| 100 | 1 | |a Mitringová, Jaroslava | |